BIBLIOTECA “JULIO CORTÁZAR”
ESCUELA AGROTÉCNICA “LIBERTADOR GENERAL SAN MARTÍN” - UNR – CASILDA

Logo Escuela Logo UNR

Manual de enfermedades de las abejas / (Record no. 1077)

MARC details
000 -LEADER
campo de control de longitud fija 00856nam#a22003015a#4500
001 - NÚMERO DE CONTROL
campo de control 1077
008 - DATOS DE LONGITUD FIJA--INFORMACIÓN GENERAL
campo de control de longitud fija 100331s1975####ag#a###f#f####001#0#spa#d
080 ## - NÚMERO DE LA CLASIFICACIÓN DECIMAL UNIVERSAL
Número de la Clasificación Decimal Universal 638.11
084 ## - OTRO NÚMERO DE CLASIFICACIÓN
Número de clasificación M77
040 ## - FUENTE DE CATALOGACIÓN
Centro catalogador/agencia de origen AR-ClEAG
Centro/agencia transcriptor AR-ClEAG
005 - FECHA Y HORA DE LA ÚLTIMA TRANSACCIÓN
campo de control 20241107184657.0
003 - IDENTIFICADOR DE NÚMERO DE CONTROL
campo de control AR-ClEAG
100 1# - ENTRADA PRINCIPAL--NOMBRE DE PERSONA
Nombre de persona Montiel, Jorge O.
245 10 - MENCIÓN DEL TÍTULO
Título Manual de enfermedades de las abejas /
Mención de responsabilidad, etc. Jorge O. Montiel y Gustavo A. Piola.
250 ## - MENCION DE EDICION
Mención de edición 1ª ed.
260 ## - PUBLICACIÓN, DISTRIBUCIÓN, ETC.
Lugar de publicación, distribución, etc. Buenos Aires :
Nombre del editor, distribuidor, etc. Ministerio de Economía. Secretaría de Estado de Agricultura y Ganadería,
Fecha de publicación, distribución, etc. 1975.
300 ## - DESCRIPCIÓN FÍSICA
Extensión 94 p. :
Otras características físicas il. byn. ;
Dimensiones 21 cm.
653 ## - TÉRMINO DE INDIZACIÓN--NO CONTROLADO
Término no controlado Apicultura
653 ## - TÉRMINO DE INDIZACIÓN--NO CONTROLADO
Término no controlado Enfermedades de las abejas
653 ## - TÉRMINO DE INDIZACIÓN--NO CONTROLADO
Término no controlado Nosemosis
653 ## - TÉRMINO DE INDIZACIÓN--NO CONTROLADO
Término no controlado Acariosis
653 ## - TÉRMINO DE INDIZACIÓN--NO CONTROLADO
Término no controlado Amebiasis
653 ## - TÉRMINO DE INDIZACIÓN--NO CONTROLADO
Término no controlado Disentería
653 ## - TÉRMINO DE INDIZACIÓN--NO CONTROLADO
Término no controlado Loques europeas
653 ## - TÉRMINO DE INDIZACIÓN--NO CONTROLADO
Término no controlado Loques americanas
700 1# - ENTRADA AGREGADA--NOMBRE PERSONAL
Nombre de persona Piola, Gustavo A.
942 ## - ELEMENTOS DE ENTRADA SECUNDARIOS (KOHA)
Tipo de ítem Koha Libros
980 ## - EQUIVALENCIA O REFERENCIA-CRUZADA-MENCIÓN DE SERIE--NOMBRE DE PERSONA/TÍTULO [LOCAL, CANADÁ]
Enlace 2
Nombre de persona Evangelina Gallicchio
Enlace entre campo y número de secuencia 2
Información miscelánea Evangelina Gallicchio
Holdings
Estatus retirado Estado de pérdida Fuente del sistema de clasificación o colocación Estado de daño No para préstamo Biblioteca de origen Biblioteca actual Ubicación en estantería Fecha de adquisición Número de inventario Total de préstamos Signatura topográfica completa Código de barras Visto por última vez Precio de reemplazo Tipo de ítem Koha
    Clasificación decimal universal     Julio Cortázar Julio Cortázar   07/11/2024 1550   R19 638.11 M77 Ej.1 1550 07/11/2024 07/11/2024 Libros
    Clasificación decimal universal     Julio Cortázar Julio Cortázar   07/11/2024 1551   R19 638.11 M77 Ej.2 1551 07/11/2024 07/11/2024 Libros
    Clasificación decimal universal     Julio Cortázar Julio Cortázar   07/11/2024 1552   R19 638.11 M77 Ej.3 1552 07/11/2024 07/11/2024 Libros

Contacto

Biblioteca Julio Cortázar. Escuela Agrotécnica "Libertador San Martín". Universidad Nacional de Rosario
Dirección: Ov. Lagos 1000 - 2170 Casilda - Santa Fe - Argentina
Tel: (54) (03464) 422226.
Fax: (54) (03464) 427789.
E-Mail: biblio-eac@unr.edu.ar